000 00868nam a2200265Ia 4500
999 _c54592
_d54592
001 21658
003 GE_BSU
005 20230731150715.0
008 181216s2010||||Pl |||||||||||||| ||pol||
020 _aISBN:978-83-60229-27-9
040 _cGE_BSU
041 _apol
080 _a811.162.1 B-96
100 _aBurkat, A.
_919580
245 _aHurra!!! Po Polsku : Student's Workbook, Vol. 2. A 2 :
_bPropozycja programowa na poziom A2. Zeszyt Cwiczen /
_cA. Burkat, A.Jasinska.
264 _aKrakow :
_bProlog,
_c2010.
300 _a91 p. ;
_c27 cm.
_e+1CD
541 _h10 Gel.
653 _aHurra!!! Po Polsku: Student's Workbook, Vol. 2
653 _aPropozycja programowa na poziom A2. Zeszyt Cwiczen
653 _aПольский язык
653 _aპოლონური ენა
700 _aJasinska, A.
_dAuthor
_919581
942 _cBK
_2udc